| 000 | 00815nam a2200229Ii 4500 | ||
|---|---|---|---|
| 003 | JO-AjNU | ||
| 008 | 230605s9999||||xx |||||||||||||| ||und|| | ||
| 017 | _a2010/6/2087 | ||
| 020 | _a978-9957-70-372-1 | ||
| 040 |
_aJO-AjNU _bara _erda _cJO-AjNU |
||
| 041 | _aara | ||
| 050 | 1 | 4 | _aBP173.754 2011 |
| 100 | 3 |
_aابو الفتوح، نجاح عبد العليم, _eauthor _930526 |
|
| 245 | 0 | 0 | _aالإقتصاد الإسلامي النظام والنظرية |
| 250 | _aط1 | ||
| 264 | 3 | 1 | _aاربد: عالم الكتب الحديث للنشر والتوزيع، 2011 |
| 300 |
_a508ص _bيتضمن قائمة المصادر( ص489-507) |
||
| 336 |
_atext _btxt _2rdacontent |
||
| 337 |
_aunmediated _bn _2rdamedia |
||
| 338 |
_avolume _bnc _2rdacarrier |
||
| 650 | 4 |
_aالاقتصاد الاسلامي _930527 |
|
| 999 |
_aA12111 _c15679 _d15679 |
||